000 00629nam a22001817a 4500
008 150414b xxu||||| |||| 00| 0 eng d
024 _a 9966888071
050 _a BR115.C8
_b M83 2009
100 _a Mugambi, J. N. Kanyua (Jesse Ndwiga Kanyua)
245 _a Contextual theology across cultures /
_c by Jesse N.K. Mugambi and Michael R. Guy.
260 _a Nairobi, Kenya :
_b Acton Publishers,
_c 2009.
300 _a 342 p. ;
_c 21 cm.
500 _a Includes bibliographical references.
650 _aChristianity and culture.
650 _a Theology, Doctrinal.
700 _aGuy, Michael R.
942 _2lcc
_cBK
999 _c44544
_d44544